Extractus In Objectis Politico-Ecclesiasticis Editarum Benignarum Resolutionum Regiarum In Usum Venerabilis Cleri Almae Dioecesis Scepusiensis Anno 1819 Elaboratus

Bibliographic Details
Other Authors: Werthmüller, Ján, 1776-1856 (Printer)
Format: Book
Language:Latin
PhysicalDescription:174, [2] s. 18 cm
Published: Leutschoviae Typis Joannis Werthmüller R. privil. Typogr. [1819]
Subjects:

MARC

LEADER 00000nam a2200000 a 4500
001 vtls001456216
003 SK-MaSNL
005 20260301104059.0
008 180810s1819 xo 0 lat
035 |a SNK000411523 
040 |a SNKHF  |b slo  |c SNK  |e AACR2 
041 0 |a lat 
044 |a xo  |c SK 
072 7 |a 32  |x Politika  |2 konspekt 
072 7 |a 2  |x Náboženstvo  |2 konspekt 
080 |a 32  |2 2011 
080 |a 2-72  |2 2011 
130 0 |a Extractus  |9 388266 
245 1 |a Extractus In Objectis Politico-Ecclesiasticis Editarum Benignarum Resolutionum Regiarum  |b In Usum Venerabilis Cleri Almae Dioecesis Scepusiensis Anno 1819 Elaboratus 
260 |a Leutschoviae  |b Typis Joannis Werthmüller R. privil. Typogr.  |c [1819] 
300 |a 174, [2] s.  |c 18 cm 
510 4 |a Petrik  |c I/730 
650 0 7 |a cirkevné nariadenia  |2 SNK  |9 442246 
650 0 7 |a politické nariadenia  |2 SNK  |9 442247 
700 1 |a Werthmüller, Ján,  |d 1776-1856  |4 prt  |9 49395 
752 |a Slovensko  |d Levoča 
852 |a Slovenská národná knižnica  |b Historické fondy  |b SD 2731 
958 |a ONDV 
958 |a DF 
999 |c 697192  |d 699122 
952 |a SNK  |b SNK  |y PREZ  |7 0  |p 17A0748750  |o snkSD 2731  |i snk1555/30  |0 0  |1 0  |4 0  |d 2023-07-26  |l 0  |r 2025-10-31 00:00:00  |w 2026-02-23 
952 |a SNK  |b SNK  |y PREZ  |7 0  |p 17A0462931  |o snkSD 2731 D1  |i snkF 2716/83  |0 0  |1 0  |4 0  |d 2005-04-01  |l 0  |r 2026-02-23 20:46:00  |w 2026-02-23 
952 |a SNK  |b SNK  |y PREZ  |7 0  |p 17A1486429  |o snkSD 2731 D2  |i snkK 514/2003  |8 3  |g 82.98  |0 0  |1 0  |4 0  |d 2003-07-07  |l 0  |r 2005-01-02 00:00:00  |w 2026-02-23